000 01470nam a22003857a 4500
003 CHAP
005 20220329133353.0
008 971013s1990 r 00010 d
010 _a5563
011 _a6535
035 _a5755
040 _cCHAP
090 _aTesis
100 0 0 _aLópez Mena, Jesús.
_968114
245 _aDeterminación de los indicadores financieros
_b: relación beneficio-costo (b
_c/ c) y la tasa de rentabilidad financiera (trf) de las inversiones en las obras hidráulicas del Distrito de Riego No. 105 Río Nexpa
260 _aChapingo, Méx. :
_bEl Autor,
_c1990
300 _a41 h.
_b: ilus.
502 _aTesis (Ing. Agr. Esp. en Irrigación) -- UACH. Departamento de Irrigación
590 _aALEPH
_b10
_c20130110
_lUCH01
_h1216
590 _aBATCH-UPD
_b10
_c20130110
_lUCH01
_h0136
590 _aBATCH-UPD
_b10
_c20130110
_lUCH01
_h2128
590 _aBATCH-UPD
_b10
_c20130409
_lUCH01
_h2133
590 _aBATCH-UPD
_b10
_c20130410
_lUCH01
_h1438
590 _aBATCH-UPD
_b10
_c20130914
_lUCH01
_h1209
590 _aCONVERSION
_b10
_c20130109
_lUCH01
_h1304
650 1 4 _aDistrito de Riego Río Nexpa, Gro.
_932926
650 1 4 _aIrrigación
_xCostos.
_960392
650 1 4 _aIrrigación
_xFinanzas.
_960411
650 1 4 _aIrrigación
_xGuerrero.
_960414
710 0 _aUACH. Departamento de Irrigación.
_9115874
901 _aBK
942 _cTESIS
949 _bBC
_cTES
_d-15350
_eTS1
_h23792
_i5755
_si
949 _bI
_cTESBD
_d-7051
_eTS1
_h311
_i5755
_si
999 _c5563
_d5563